000 00750nam a2200289Ia 4500
005 20260324111613.0
008 008 260324s9999 xx 000 0 eng d
020 _a9781003481089
037 _aEBOOK
040 _aCRL
040 _beng
040 _cCRL
041 _2eng
041 _aeng
084 _qCRL
100 _aArpita Nath Boruah; Mrinal Goswami; Manoj Kumar; Octavio Loyola-González
_91139248
245 0 _aEmbedded Artificial Intelligence
245 0 _bReal-Life Applications and Case Studies
260 _bTaylor and Francis
260 _c2025
365 _a
365 _b320
856 _uhttp://www.taylorfrancis.com/books/9781003481089
942 _cEBOOK
999 _c1728127
_d1728127